| 000 | 01154cab a2200289 4500 | ||
|---|---|---|---|
| 001 | ABS53259 | ||
| 008 | 090401t1995 xxu||||| |||| 00| 0 eng d | ||
| 035 | _a(Sirsi) u3031 | ||
| 041 | _aeng | ||
| 100 | _aMcCarron, S. | ||
| 245 | _aContaminated land regulation in Britain and the US: different approaches? | ||
| 260 | _c1995 | ||
| 350 | _a0 | ||
| 490 |
_aProperty Review _v5(6) July/August 1995, 188-190(3) |
||
| 520 | _aOutlines the programme `Superfund`, in use since 1980 to clean up hazardous sites in the USA. As the time approaches for re-authorisation of the superfund, this article highlights some of its flaws, and the differences and similarities between the American and British systems of regulating contaminated land, and how both countries can learn from each other. | ||
| 650 | _aCERCLA | ||
| 650 | _aCOMPREHENSIVE ENVIRONMENTAL RESPONSE COMPENSATION AND LIABILITY ACT | ||
| 650 | _aCONTAMINATED LAND | ||
| 650 | _aENVIRONMENTAL PROTECTION AGENCY | ||
| 650 | _aEPA | ||
| 650 | _aHISTORIC POLLUTION | ||
| 650 | _aPOLLUTER PAYS PRINCIPLE | ||
| 650 | _aPOLLUTION | ||
| 690 | _aLAND | ||
| 942 | _n0 | ||
| 948 | _c04/03/1997 | ||
| 999 |
_c1830 _d1830 |
||